Music Quiz

Random Music or Lyrics Quiz

Twenty One Pilots Songs By Weird Lyric Quiz Stats

 Plays Quiz not verified by Sporcle

Challenge
Share
Tweet
Embed
Score 0/20 Timer 10:00
0 Plays Today
Lyric Song % Correct
we're stressedStressed Out
89.5%
an old man's hair recedingOde To Sleep
87%
I have killed a manThe Run and Go
81.5%
we've got a lot of problemsPolarize
80.6%
go awayKitchen Sink
80.4%
Alright, second verseWe Don't Believe What's On TV
80%
(Josh Dun!)The Judge
79.4%
time to move our feetHolding On To You
79.1%
help meRide
76.3%
we'll be on fireForest
74%
Lyric Song % Correct
giving birth and stuffIsle Of Flightless Birds
73.9%
I put my socks on my feetSlowtown
73%
I'm out of my mindNot Today
70.1%
trade in our thumbsGuns For Hands
67.3%
I'm on fireTear in My Heart
54.1%
stop thinkingCar Radio
52.8%
ceiling fansGlowing eyes
52.2%
I will lieFall Away
48.4%
we're losersMessage Man
46.1%
oompahTaco Bell Saga(unofficial song)
2.9%

You're not logged in!

Compare scores with friends on all Sporcle quizzes.
OR
Log In

You Might Also Like...

Show Comments

Extras

Top Quizzes Today


Score Distribution

Your Account Isn't Verified!

In order to create a playlist on Sporcle, you need to verify the email address you used during registration. Go to your Sporcle Settings to finish the process.

Report this User

Report this user for behavior that violates our Community Guidelines.

Details: